| 000 | 00709nam a2200253Ia 4500 | ||
|---|---|---|---|
| 003 | BUBTL | ||
| 008 | 151213s9999 xx 000 0 und d | ||
| 020 | _a1859413838 | ||
| 041 | _aEnglish | ||
| 082 | _a341.754/ Si643p/ 1999 | ||
| 100 |
_aSingh, Avtar Dr. _95877 |
||
| 245 |
_aPrinciples of International Trade Law/ _bDr. Avtar Singh |
||
| 250 | _a2nd ed. | ||
| 260 |
_aLondon : _bCavendish Publishing Ltd. _cc1999. |
||
| 300 |
_axlix, 519 p. : _c24 cm. |
||
| 500 | _aIncludes Index. | ||
| 505 | _aPrinciples of International Trade Law, Dr. Avtar Singh | ||
| 526 | _aLaw | ||
| 650 | _aLaw | ||
| 650 | _aLaw | ||
| 856 |
_k0 _l0 _yDownload |
||
| 942 |
_2ddc _cBK |
||
| 999 |
_c3674 _d3674 |
||